| 000 | 00818nam a22002897a 4500 | ||
|---|---|---|---|
| 003 | CHAP | ||
| 005 | 20220329134346.0 | ||
| 008 | 971013c19851979 r 00010 d | ||
| 010 | _a19307 | ||
| 011 | _a20279 | ||
| 035 | _a24367 | ||
| 040 | _cCHAP | ||
| 082 |
_a335.4 _bD5Y |
||
| 245 | _aDiccionario de términos marxistas | ||
| 260 |
_aMéxico, D.F. : _bGrijalbo, _c1985 (c.1979) |
||
| 300 | _a413 p. | ||
| 490 | _aCol. enlace | ||
| 590 |
_aBATCH-UPD _b10 _c20130110 _lUCH01 _h0229 |
||
| 590 |
_aBATCH-UPD _b10 _c20130110 _lUCH01 _h2136 |
||
| 590 |
_aCONVERSION _b10 _c20130109 _lUCH01 _h1312 |
||
| 650 | 1 | 4 |
_aMarxismo _xDiccionarios. _972729 |
| 700 | 0 |
_aBiazzi, Paolo. _912189 |
|
| 830 | 0 |
_aCol. enlace _924549 |
|
| 901 | _aBK | ||
| 942 | _cLIBRO | ||
| 949 |
_a335.4 D5Y _bBC _cC _d33724000579355 _eC _h65823 _i24367 _sb |
||
| 999 |
_c19307 _d19307 |
||